000
00271nam a2200109 a 4500
005
20201002044925.0
008
140403s1971 000 spa d
100
_a
Boccaccio
_9
71517
245
0
_a
Decameron.
260
_a
Madrid -- Libra,
_c
1971 -- 180 p.
999
_c
43183
_d
43183
040
_a
DO-SdBNP